[Event "26. Herner Stadtmeisterschaft 2025"]
[Site "?"]
[Date "2025.01.27"]
[Round "1.1"]
[White "Tolksdorf, Jürgen"]
[Black "Koscielski, Janusz"]
[Result "0-1"]
[WhiteElo "1688"]
[BlackElo "2266"]
[PlyCount "74"]
[GameId "2139145820799564"]
[EventDate "2025.??.??"]
[WhiteTeam "SV Günnigfeld 1922 e."]
[BlackTeam "SV Wattenscheid 1930 e"]

1. e4 c5 2. Nf3 d6 3. Bb5+ Bd7 4. Bxd7+ Qxd7 5. Nc3 Nc6 6. d4 cxd4 7. Nxd4 g6 8. Be3 Bg7 9. Qd2 Nf6 10. f3 h5 11. a3 Ne5 12. b3 Rc8 13. O-O O-O 14. Rac1 Rfd8 15. Nd5 e6 16. Nxf6+ Bxf6 17. Bg5 Bxg5 18. Qxg5 Rc5 19. Qe3 b5 20. h3 a5 21. Rfd1 Rdc8 22. f4 Rc3 23. Qd2 Nd3 24. cxd3 Qa7 25. Qe3 Rxc1 26. Rxc1 Rxc1+ 27. Qxc1 Qxd4+ 28. Kh1 Qxd3 29. f5 exf5 30. exf5 Qxf5 31. Qd2 Qb1+ 32. Kh2 Qxb3 33. Qxd6 b4 34. Qd8+ Kh7 35. g4 hxg4 36. Qh4+ Kg7 37. Qxg4 Qb2+ 0-1

[Event "26. Herner Stadtmeisterschaft 2025"]
[Site "?"]
[Date "2025.01.27"]
[Round "1.2"]
[White "Lang, Daniel"]
[Black "Deutschmann, Jürgen"]
[Result "1-0"]
[WhiteElo "2135"]
[BlackElo "1864"]
[PlyCount "57"]
[GameId "2139138035347932"]
[EventDate "2025.??.??"]
[WhiteTeam "SV Wattenscheid 1930 e"]
[BlackTeam "SV Hattingen e. V."]

1. d4 d5 2. c4 c6 3. Nc3 a6 4. e3 Nf6 5. Nf3 Bg4 6. Qb3 Qc8 7. cxd5 Bxf3 8. gxf3 Nxd5 9. Nxd5 cxd5 10. Qxd5 e6 11. Qb3 Nc6 12. Bd2 Be7 13. f4 O-O 14. Bg2 Rb8 15. O-O Qd7 16. Rac1 Rfc8 17. Rfd1 Na7 18. Rxc8+ Rxc8 19. Qxb7 Qxb7 20. Bxb7 Rb8 21. Bxa6 Rxb2 22. Bc4 Ba3 23. Bb3 Nb5 24. Bc1 Rb1 25. Bxa3 Rxd1+ 26. Bxd1 Nxa3 27. Be2 Kf8 28. Bd3 g6 29. Kf1 1-0

[Event "26. Herner Stadtmeisterschaft 2025"]
[Site "?"]
[Date "2025.01.27"]
[Round "1.3"]
[White "Wiese, Thomas"]
[Black "Quast, Marcel"]
[Result "0-1"]
[WhiteElo "1811"]
[BlackElo "2137"]
[PlyCount "60"]
[GameId "2139140061889026"]
[EventDate "2025.??.??"]
[WhiteTeam "SV Kamen 1930"]
[BlackTeam "SC Gerthe 46 - Werne"]

1. e4 e5 2. Nf3 d6 3. c3 Nf6 4. d3 Be7 5. h3 O-O 6. Be3 Nc6 7. Nbd2 d5 8. a3 Re8 9. Qc2 Nh5 10. d4 exd4 11. cxd4 dxe4 12. Nxe4 f5 13. Nc3 f4 14. Bd2 Bxa3+ 15. Be2 Bd6 16. O-O g6 17. Bc4+ Kg7 18. Nb5 Bf5 19. Qc1 Be4 20. Nxd6 Qxd6 21. d5 Bxf3 22. gxf3 Ne5 23. Bc3 Kh6 24. Bxe5 Rxe5 25. Kh2 Qc5 26. Qc3 Rae8 27. Ra5 Qe7 28. Rxa7 Qh4 29. Rxb7 Nf6 30. Qd4 Rh5 0-1

[Event "26. Herner Stadtmeisterschaft 2025"]
[Site "?"]
[Date "2025.01.27"]
[Round "1.4"]
[White "Werrn, Pascal"]
[Black "Ptaszyk, Henning"]
[Result "1-0"]
[WhiteElo "2169"]
[BlackElo "1736"]
[PlyCount "67"]
[GameId "2139141590749722"]
[EventDate "2025.??.??"]
[WhiteTeam "SK Sodingen/Castrop 24/23 e. V."]
[BlackTeam "SK Sodingen/Castrop 24/23 e. V."]

1. Nf3 Nf6 2. c4 e6 3. Nc3 Bb4 4. Qc2 O-O 5. a3 Bxc3 6. Qxc3 c5 7. e3 Nc6 8. Be2 b6 9. O-O Qe7 10. b3 d6 11. Bb2 e5 12. Rae1 h6 13. d4 Ne4 14. Qc2 f5 15. Nd2 Nxd2 16. Qxd2 a5 17. dxc5 dxc5 18. Qd5+ Qe6 19. Rd1 Re8 20. Bf3 e4 21. Bh5 Re7 22. Bg6 Bd7 23. Qxe6+ Bxe6 24. Rd6 Rc8 25. Rfd1 Kh8 26. a4 Rcc7 27. g4 fxg4 28. Bxe4 Bd7 29. Rxh6+ Kg8 30. Bd5+ Be6 31. Bxe6+ Rxe6 32. Rxe6 Kf7 33. Rdd6 Nd8 34. Rg6 1-0

[Event "26. Herner Stadtmeisterschaft 2025"]
[Site "?"]
[Date "2025.01.27"]
[Round "1.5"]
[White "Kramer, Martin"]
[Black "Graw, Christopher"]
[Result "0-1"]
[WhiteElo "1816"]
[BlackElo "2227"]
[PlyCount "44"]
[GameId "2139128770384148"]
[EventDate "2025.??.??"]
[WhiteTeam "Dortmunder SV 1875"]
[BlackTeam "SK Sodingen/Castrop 24/23 e. V."]

1. Nf3 c5 2. c4 Nc6 3. Nc3 g6 4. e3 Bg7 5. d4 cxd4 6. exd4 d6 7. d5 Ne5 8. Nxe5 Bxe5 9. Bd3 Nf6 10. O-O O-O 11. h3 Nh5 12. Bh6 Re8 13. Qd2 f5 14. g4 fxg4 15. hxg4 Bxg4 16. Qg5 Qd7 17. f3 Bh3 18. Bxg6 hxg6 19. Qxg6+ Ng7 20. Ne4 Bd4+ 21. Kh2 Bxf1 22. Rxf1 Qf5 0-1

[Event "26. Herner Stadtmeisterschaft 2025"]
[Site "?"]
[Date "2025.01.27"]
[Round "1.6"]
[White "Hahn, Matthias"]
[Black "Wieschermann, Axel"]
[Result "1-0"]
[WhiteElo "2105"]
[BlackElo "1665"]
[PlyCount "41"]
[GameId "2139138743476713"]
[EventDate "2025.??.??"]
[WhiteTeam "SV Bochum-Linden-Dahlh"]
[BlackTeam "SG Winz-Baak 48"]

1. e4 c6 2. d4 d5 3. Nc3 dxe4 4. Nxe4 Nd7 5. Qe2 Qc7 6. g3 e6 7. Nf3 Ngf6 8. Bg2 Nxe4 9. Qxe4 Nf6 10. Qe2 Be7 11. O-O O-O 12. Bf4 Qb6 13. c4 Re8 14. Rfd1 c5 15. dxc5 Bxc5 16. Ne5 Bd4 17. Rd2 Nd7 18. Nxd7 Bxd7 19. Rxd4 Qxd4 20. Rd1 Qf6 21. Rxd7 1-0

[Event "26. Herner Stadtmeisterschaft 2025"]
[Site "?"]
[Date "2025.01.27"]
[Round "1.7"]
[White "Mücke, Lukas-Benedikt"]
[Black "Waldschmidt, Georg"]
[Result "0-1"]
[WhiteElo "1650"]
[BlackElo "2125"]
[PlyCount "48"]
[GameId "2139127577231614"]
[EventDate "2025.??.??"]
[WhiteTeam "vereinslos"]
[BlackTeam "SK Sodingen/Castrop 24/23 e. V."]

1. e4 e5 2. Nf3 Nc6 3. Bb5 a6 4. Ba4 Nf6 5. d3 d6 6. O-O b5 7. Bb3 Na5 8. Bg5 Be7 9. Qd2 Nxb3 10. axb3 O-O 11. h3 h6 12. Bh4 Nxe4 13. dxe4 Bxh4 14. Nxh4 Qxh4 15. Qd5 Rb8 16. Nc3 b4 17. Na2 Bb7 18. Qc4 Qxe4 19. Qxe4 Bxe4 20. c3 bxc3 21. Nxc3 Bb7 22. b4 Rfd8 23. b5 axb5 24. Nxb5 Bxg2 0-1

[Event "26. Herner Stadtmeisterschaft 2025"]
[Site "?"]
[Date "2025.01.27"]
[Round "1.8"]
[White "Winterberg, Andreas"]
[Black "Schäufele, Jörg"]
[Result "1-0"]
[WhiteElo "2049"]
[BlackElo "1824"]
[PlyCount "77"]
[GameId "2139146625798744"]
[EventDate "2025.??.??"]
[WhiteTeam "SV Waltrop 1922 e. V."]
[BlackTeam "SC Roter Turm Altstadt"]

1. e4 e5 2. Nf3 Nf6 3. Nc3 Bb4 4. Nxe5 O-O 5. Be2 Re8 6. Nd3 Bxc3 7. dxc3 Nxe4 8. O-O d5 9. Nf4 c6 10. Be3 Bf5 11. c4 dxc4 12. Bxc4 Nd7 13. Nd3 a5 14. a4 Be6 15. Bxe6 Rxe6 16. Re1 Qe7 17. Nf4 Rd6 18. Qe2 Re8 19. c3 Qe5 20. Rad1 Ndf6 21. Nd3 Qf5 22. Qf3 Qd7 23. Bf4 Rde6 24. h3 Qe7 25. Be3 Nd5 26. Nf4 Ng5 27. Qg3 Ne4 28. Nxd5 cxd5 29. Qf3 Rf6 30. Qh5 Rd6 31. Bc5 Rh6 32. Qxh6 Qxc5 33. Qe3 Qc8 34. Qd4 Nf6 35. Rxe8+ Qxe8 36. c4 dxc4 37. Qd8 Kf8 38. Qxa5 Nd7 39. Qc7 1-0

[Event "26. Herner Stadtmeisterschaft 2025"]
[Site "?"]
[Date "2025.01.27"]
[Round "1.9"]
[White "Domnik, Roland"]
[Black "Mainusch, Martin"]
[Result "0-1"]
[WhiteElo "1635"]
[BlackElo "2094"]
[PlyCount "66"]
[GameId "2139132423463250"]
[EventDate "2025.??.??"]
[WhiteTeam "SV Datteln 1924"]
[BlackTeam "SV Mülheim-Nord 1931 e"]

1. d4 d5 2. c4 dxc4 3. Nc3 a6 4. a4 Nc6 5. Nf3 Nf6 6. e3 Na5 7. Bd2 c6 8. Be2 g6 9. Qc2 Bg7 10. h3 O-O 11. O-O Be6 12. Ng5 Bd7 13. Rad1 b5 14. axb5 axb5 15. Nce4 Nb3 16. Nc5 Nxc5 17. dxc5 h6 18. Ne4 Nxe4 19. Qxe4 Bxb2 20. Qc2 Bg7 21. Bf3 Qc7 22. Bc3 Bxc3 23. Qxc3 Be6 24. Ra1 Rfb8 25. Qb4 Qb7 26. Rxa8 Rxa8 27. Bd1 Qa7 28. Bc2 Qa3 29. Rb1 Qxb4 30. Rxb4 Ra1+ 31. Kh2 Rc1 32. Be4 c3 33. Bxc6 c2 0-1

[Event "26. Herner Stadtmeisterschaft 2025"]
[Site "?"]
[Date "2025.01.27"]
[Round "1.10"]
[White "Kandyba, Andriy"]
[Black "Koch, Burkhard"]
[Result "1-0"]
[WhiteElo "2024"]
[BlackElo "1787"]
[PlyCount "41"]
[GameId "2139131430363461"]
[EventDate "2025.??.??"]
[WhiteTeam "SV Bochum-Linden-Dahlh"]
[BlackTeam "SG Wanne"]

1. d4 Nf6 2. Nf3 e6 3. c4 Be7 4. Nc3 d5 5. Bf4 O-O 6. e3 b6 7. h3 Bb7 8. Be2 a6 9. O-O dxc4 10. Bxc4 b5 11. Be2 c5 12. Rc1 cxd4 13. Nxd4 Nc6 14. Ncxb5 e5 15. Nxc6 Bxc6 16. Rxc6 exf4 17. Nd4 Qa5 18. a3 fxe3 19. fxe3 Qe5 20. Qd3 Bd6 21. Nf3 1-0

[Event "26. Herner Stadtmeisterschaft 2025"]
[Site "?"]
[Date "2025.01.27"]
[Round "1.11"]
[White "Bieger, Peter"]
[Black "Peter, Thomas"]
[Result "1/2-1/2"]
[WhiteElo "1828"]
[BlackElo "2104"]
[PlyCount "46"]
[GameId "2139139380384245"]
[EventDate "2025.??.??"]
[WhiteTeam "SF Fliegenpils e. V."]
[BlackTeam "SV Wattenscheid 1930 e"]

1. Nf3 e6 2. g3 d5 3. Bg2 Nf6 4. d4 Bd6 5. c4 c6 6. O-O O-O 7. cxd5 exd5 8. Nc3 Bf5 9. Bg5 h6 10. Bxf6 Qxf6 11. Nh4 Bh7 12. e4 dxe4 13. Nxe4 Bxe4 14. Bxe4 Nd7 15. Nf5 Rfd8 16. Re1 Bb4 17. Re3 Nc5 18. Bc2 Ne6 19. Qd3 Nf8 20. Qb3 Ba5 21. Re7 Rd5 22. Qxb7 Rad8 23. Re5 Rxe5 1/2-1/2

[Event "26. Herner Stadtmeisterschaft 2025"]
[Site "?"]
[Date "2025.01.27"]
[Round "1.12"]
[White "Henn, Marcus"]
[Black "Sikorski, Thomas"]
[Result "1-0"]
[WhiteElo "1995"]
[BlackElo "1811"]
[PlyCount "93"]
[GameId "2139151329784447"]
[EventDate "2025.??.??"]
[WhiteTeam "SV Erkenschwick 1923 e"]
[BlackTeam "SF Essen-Katernberg 0"]

1. d4 c6 2. c4 d6 3. Nf3 Nd7 4. Nc3 e5 5. e4 Ngf6 6. Be2 Be7 7. O-O O-O 8. Be3 Re8 9. d5 Nf8 10. Ne1 Ng6 11. Nd3 Bd7 12. b4 a5 13. a3 axb4 14. axb4 Qc7 15. Qb3 Reb8 16. f3 Nh5 17. Rfc1 Ngf4 18. Bf1 Bg5 19. Nxf4 exf4 20. Bd4 c5 21. bxc5 dxc5 22. Bf2 Rxa1 23. Rxa1 Bf6 24. Ra7 Bxc3 25. Qxc3 Qd6 26. e5 Qb6 27. Qa3 Rc8 28. Ra8 Qc7 29. Rxc8+ Qxc8 30. Qxc5 Qb8 31. Qe7 Qe8 32. Bc5 g6 33. Qxe8+ Bxe8 34. Be7 Kg7 35. Kf2 h6 36. Ke2 Bd7 37. Kd3 Kg8 38. Kd4 Ng7 39. Kc5 Nf5 40. Bf6 Ne3 41. Be2 Nxg2 42. Kb6 Ne3 43. Kxb7 Kf8 44. Kc7 Ke8 45. Kd6 g5 46. e6 fxe6 47. dxe6 1-0

[Event "26. Herner Stadtmeisterschaft 2025"]
[Site "?"]
[Date "2025.01.27"]
[Round "1.13"]
[White "Mayeres, Hans-Christian"]
[Black "Wolff, Christoph"]
[Result "0-1"]
[WhiteElo "1837"]
[BlackElo "1986"]
[PlyCount "66"]
[GameId "2139140839371278"]
[EventDate "2025.??.??"]
[WhiteTeam "SC Recklinghausen Altsta"]
[BlackTeam "SV Horst-Emscher 1931"]

1. c4 g6 2. g3 Nf6 3. Bg2 d5 4. cxd5 Nxd5 5. Nc3 c6 6. Nf3 Bg7 7. O-O O-O 8. d4 Bf5 9. Re1 Nxc3 10. bxc3 Be4 11. Bf4 Nd7 12. Nd2 Bxg2 13. Kxg2 e5 14. dxe5 Nxe5 15. Qb3 Qb6 16. Be3 Qc7 17. Rab1 b6 18. Nc4 c5 19. Bf4 Qc6+ 20. f3 Nxc4 21. Qxc4 Rad8 22. Rbd1 b5 23. Qb3 a5 24. c4 b4 25. a4 Bc3 26. Rxd8 Rxd8 27. Rd1 Qe8 28. Kf2 Rd7 29. Rd5 Qe6 30. Qd1 Rxd5 31. Qxd5 Qxd5 32. cxd5 b3 33. d6 Kf8 0-1

[Event "26. Herner Stadtmeisterschaft 2025"]
[Site "?"]
[Date "2025.01.27"]
[Round "1.14"]
[White "Wiechen, Ulrich"]
[Black "Schneider, Timo"]
[Result "1-0"]
[WhiteElo "2156"]
[BlackElo "1692"]
[PlyCount "37"]
[GameId "2139130902954297"]
[EventDate "2025.??.??"]
[WhiteTeam "SC Buer-Hassel 1919 e. V."]
[BlackTeam "SV Datteln 1924"]

1. e4 e5 2. Nf3 Nc6 3. Bc4 Bc5 4. c3 Nf6 5. d4 exd4 6. cxd4 Bb4+ 7. Nc3 d5 8. exd5 Nxd5 9. O-O Bxc3 10. bxc3 Be6 11. Re1 Nce7 12. Qb3 b6 13. Ba3 c6 14. Re4 Qd7 15. Rae1 O-O 16. Ng5 b5 17. Bxd5 Bxd5 18. Rxe7 Rfe8 19. Qb1 1-0

[Event "26. Herner Stadtmeisterschaft 2025"]
[Site "?"]
[Date "2025.01.27"]
[Round "1.15"]
[White "Krolik, Wilfried"]
[Black "Cobanoglu, Ferhat"]
[Result "0-1"]
[WhiteElo "1702"]
[BlackElo "1888"]
[PlyCount "102"]
[GameId "2139159901913804"]
[EventDate "2025.??.??"]
[WhiteTeam "SV Waltrop 1922 e. V."]
[BlackTeam "SK Sodingen/Castrop 24/23 e. V."]

1. e4 d6 2. d4 Nf6 3. Nc3 g6 4. Nf3 Bg7 5. Be2 O-O 6. O-O c6 7. h3 Qa5 8. Bd2 e5 9. Nd5 Qd8 10. Nxf6+ Bxf6 11. c3 Nd7 12. Qc2 Qe7 13. Rfe1 Bg7 14. Bc4 h6 15. Rad1 Nf6 16. d5 c5 17. b4 b6 18. a4 Nh5 19. Qc1 Kh7 20. Be2 Bd7 21. b5 a6 22. Qb1 Rfb8 23. Qb3 Qe8 24. Ra1 f5 25. exf5 gxf5 26. bxa6 e4 27. Nh2 Qg6 28. Qd1 Nf6 29. Bf4 Ne8 30. Bd2 Nc7 31. Bc4 Rg8 32. g3 Be5 33. Kh1 f4 34. g4 e3 35. Qf3 Qc2 36. fxe3 Qxd2 37. Qe4+ Kh8 38. Bd3 Rg7 39. Rad1 Qxc3 40. Rc1 Qa5 41. Nf3 Bc3 42. Re2 fxe3 43. Nh4 Bf6 44. Ng6+ Kg8 45. Rf1 Qc3 46. Rc2 Qd4 47. Nf4 Re8 48. Qxd4 Bxd4 49. Nh5 Rf7 50. Nf6+ Rxf6 51. Rxf6 Bxf6 0-1

[Event "26. Herner Stadtmeisterschaft 2025"]
[Site "?"]
[Date "2025.01.27"]
[Round "1.16"]
[White "Radi, Günter"]
[Black "Ponto, Michael"]
[Result "1-0"]
[WhiteElo "1902"]
[BlackElo "1833"]
[PlyCount "73"]
[GameId "2139150016717427"]
[EventDate "2025.??.??"]
[WhiteTeam "SV Günnigfeld 1922 e."]
[BlackTeam "SV Horst-Emscher 1931"]

1. d4 Nf6 2. Nf3 d5 3. c4 e6 4. Nc3 Be7 5. Bf4 O-O 6. e3 Nbd7 7. Bd3 dxc4 8. Bxc4 Nb6 9. Bb3 Nfd5 10. Bg3 f5 11. O-O f4 12. exf4 Nxf4 13. Re1 Nbd5 14. Re4 c6 15. Qd2 Bd6 16. Ne5 Nh5 17. Bh4 Nhf6 18. Re2 Qc7 19. Rae1 b6 20. Nxd5 Nxd5 21. Rc1 Bxe5 22. Rxe5 Qd6 23. Bg3 Qd7 24. Qc2 Bb7 25. Qe4 Rae8 26. Re1 Rf6 27. Rg5 h6 28. Re5 Qf7 29. Bc2 g5 30. Qg4 Kf8 31. h4 gxh4 32. Qxh4 Re7 33. Rh5 Nf4 34. Rxh6 Ng6 35. Bxg6 Rxg6 36. Rh8+ Rg8 37. Bd6 1-0

[Event "26. Herner Stadtmeisterschaft 2025"]
[Site "?"]
[Date "2025.01.27"]
[Round "1.17"]
[White "Lojack, Rouven"]
[Black "Rohloff, Markus"]
[Result "0-1"]
[WhiteElo "1749"]
[BlackElo "1870"]
[PlyCount "38"]
[GameId "2139125749293270"]
[EventDate "2025.??.??"]
[WhiteTeam "SV Königsspringer Halt"]
[BlackTeam "SV Rot-Weiß-Altenessen"]

1. e4 e6 2. d4 d5 3. exd5 exd5 4. h3 Bd6 5. Nf3 Ne7 6. Bd3 O-O 7. O-O Bf5 8. c3 c6 9. Bg5 f6 10. Bh4 Na6 11. Bxa6 bxa6 12. Bg3 Bxg3 13. fxg3 Qd6 14. Qe1 Bd3 15. Rf2 Nf5 16. Rd2 Rfe8 17. Qf2 Bxb1 18. Rxb1 Nxg3 19. Rdd1 Re2 0-1

[Event "26. Herner Stadtmeisterschaft 2025"]
[Site "?"]
[Date "2025.01.27"]
[Round "1.18"]
[White "Markert, Dirk"]
[Black "Böcher, Joachim"]
[Result "1-0"]
[WhiteElo "1925"]
[BlackElo "1510"]
[PlyCount "53"]
[GameId "2139126168994019"]
[EventDate "2025.??.??"]
[WhiteTeam "SV Kamen 1930"]
[BlackTeam "SV Günnigfeld 1922 e."]

1. e4 e6 2. d4 d6 3. Nc3 Nf6 4. Nf3 Be7 5. Bd3 Nc6 6. Be3 Nb4 7. Be2 b6 8. a3 Na6 9. Bb5+ Nd7 10. Bc6 Rb8 11. Qe2 O-O 12. Bb5 c5 13. Bxa6 cxd4 14. Nxd4 Nc5 15. Bxc8 Qxc8 16. O-O Qb7 17. f3 a6 18. a4 Rbc8 19. Rfd1 g6 20. Qf2 Bf6 21. Nb3 Nxb3 22. cxb3 Bxc3 23. bxc3 Rxc3 24. Rxd6 Rxb3 25. Bh6 Re8 26. Qd4 e5 27. Qxe5 1-0

[Event "26. Herner Stadtmeisterschaft 2025"]
[Site "?"]
[Date "2025.01.27"]
[Round "1.19"]
[White "von Blumenthal, Nikolaus"]
[Black "Schelwokat, Peter"]
[Result "0-1"]
[WhiteElo "1484"]
[BlackElo "1942"]
[PlyCount "154"]
[GameId "2139121623326895"]
[EventDate "2025.??.??"]
[WhiteTeam "SV Zeppelin Herne e. V."]
[BlackTeam "SpVigung Sterkrade-Nord"]

1. e4 c5 2. Nf3 Nc6 3. d4 cxd4 4. Nxd4 Nf6 5. Nc3 e5 6. Nb3 d6 7. f3 Be7 8. Be3 Be6 9. Nd5 O-O 10. c3 Bxd5 11. exd5 Na5 12. Nxa5 Qxa5 13. Bc4 a6 14. O-O Rac8 15. Bb3 Nd7 16. a3 f5 17. Rb1 Nb6 18. Bf2 Nc4 19. Qc2 Qxd5 20. Rfd1 Qb5 21. Ba2 Kh8 22. Qd3 Qc6 23. Qd5 Qxd5 24. Rxd5 Rc6 25. Kf1 g6 26. Ke2 Kg7 27. g3 Rfc8 28. Kd1 Kf6 29. Ke2 h6 30. a4 Nb6 31. Bxb6 Rxb6 32. c4 Rb4 33. b3 b5 34. axb5 axb5 35. cxb5 Rc2+ 36. Rd2 Rxd2+ 37. Kxd2 Rxb5 38. Rb2 d5 39. Rc2 Bb4+ 40. Kd3 Bc5 41. h3 e4+ 42. fxe4 fxe4+ 43. Kc3 Ke5 44. Kd2 d4 45. Rc4 Bb4+ 46. Ke2 d3+ 47. Ke3 Bc5+ 48. Kd2 h5 49. Ra4 Bf2 50. g4 hxg4 51. hxg4 Kf4 52. Rc4 Kf3 53. Rc6 e3+ 54. Kxd3 Rd5+ 55. Kc4 e2 56. Rf6+ Kxg4 57. Rxg6+ Kh3 58. Re6 Rd2 59. Rxe2 Rxe2 60. Bb1 Kg3 61. Bd3 Rb2 62. Kb4 Kf4 63. Kc4 Ke5 64. Bg6 Bd4 65. Bh7 Rh2 66. Bg6 Rh6 67. Bf7 Rc6+ 68. Kb5 Rc5+ 69. Ka4 Bc3 70. b4 Rc7 71. Be8 Kd4 72. Kb3 Rb7 73. b5 Be1 74. Bc6 Re7 75. b6 Re3+ 76. Ka4 Kc5 77. b7 Bb4 0-1

[Event "26. Herner Stadtmeisterschaft 2025"]
[Site "?"]
[Date "2025.01.27"]
[Round "1.20"]
[White "Gausmann, Thomas"]
[Black "Cosic, Tarik"]
[Result "1-0"]
[WhiteElo "1821"]
[BlackElo "1468"]
[PlyCount "87"]
[GameId "2139153329738392"]
[EventDate "2025.??.??"]
[WhiteTeam "SG Bochum 1931"]
[BlackTeam "SV Waltrop 1922 e. V."]

1. e4 c6 2. Nc3 d5 3. Nf3 Bg4 4. h3 Bxf3 5. Qxf3 e6 6. d4 Nf6 7. exd5 cxd5 8. Bd3 Nc6 9. Ne2 g6 10. O-O Bg7 11. c3 Nd7 12. Re1 O-O 13. Be3 Rc8 14. Rad1 Na5 15. Bc1 a6 16. Ng3 b5 17. a3 Nb6 18. Nf1 Nac4 19. Re2 Na4 20. Rde1 Qb6 21. Bb1 Nxa3 22. Ba2 Rc6 23. Bf4 Rfc8 24. Be5 Bxe5 25. dxe5 Nxb2 26. Rxb2 Rxc3 27. Qf6 Nc4 28. Bxc4 R8xc4 29. Ne3 Re4 30. Rbe2 Qb8 31. Ng4 Qf8 32. Rxe4 dxe4 33. Rd1 Rd3 34. Ra1 h5 35. Ne3 Qc8 36. g4 hxg4 37. hxg4 b4 38. g5 b3 39. Ng4 Qf8 40. Kg2 Rf3 41. Rh1 Qg7 42. Qd8+ Qf8 43. Nf6+ Rxf6 44. Rh8+ 1-0

[Event "26. Herner Stadtmeisterschaft 2025"]
[Site "?"]
[Date "2025.01.27"]
[Round "1.21"]
[White "Landwehr, Ingo"]
[Black "Boxberg, Olaf"]
[Result "0-1"]
[WhiteElo "1703"]
[BlackElo "1834"]
[PlyCount "92"]
[GameId "2139123731120316"]
[EventDate "2025.??.??"]
[WhiteTeam "Bochumer SV 02"]
[BlackTeam "SV Datteln 1924"]

1. c4 b6 2. Nc3 e6 3. e4 Bb7 4. Nf3 c5 5. g3 a6 6. Bg2 Qc7 7. O-O d6 8. d3 Nf6 9. Nh4 Nc6 10. f4 Be7 11. f5 e5 12. Nd5 Nxd5 13. cxd5 Nd4 14. Qg4 Bxh4 15. gxh4 f6 16. h5 O-O-O 17. Bd2 Kb8 18. b4 Ka7 19. Qd1 Qe7 20. bxc5 dxc5 21. a4 g6 22. a5 b5 23. Rc1 gxf5 24. exf5 Rhg8 25. Kh1 Qd6 26. Be3 Bxd5 27. Be4 Bxe4+ 28. dxe4 c4 29. Rg1 Rxg1+ 30. Qxg1 Kb7 31. Qg7+ Rd7 32. h6 Qc6 33. Qg4 Nb3 34. Rg1 c3 35. Qg7 Qxe4+ 36. Rg2 Qd5 37. Qxf6 Rd6 38. Qe7+ Rd7 39. f6 c2 40. Qxd7+ Qxd7 41. Rg7 Kc6 42. f7 Qd1+ 43. Kg2 Qe2+ 44. Bf2 Qe4+ 45. Kg3 Qf4+ 46. Kg2 c1=Q 0-1

[Event "26. Herner Stadtmeisterschaft 2025"]
[Site "?"]
[Date "2025.01.27"]
[Round "1.22"]
[White "Schmidt, Ralph"]
[Black "Mai, Michael"]
[Result "1-0"]
[WhiteElo "1932"]
[BlackElo "1426"]
[PlyCount "39"]
[GameId "2139128071139593"]
[EventDate "2025.??.??"]
[WhiteTeam "SV Bochum-Linden-Dahlh"]
[BlackTeam "SV Günnigfeld 1922 e."]

1. e4 c5 2. Nc3 d6 3. d3 Nf6 4. Be2 e6 5. f4 Nc6 6. Nf3 Be7 7. O-O O-O 8. Qe1 Nb4 9. Bd1 d5 10. e5 Ne8 11. Ne2 b5 12. d4 cxd4 13. Nexd4 a6 14. a3 Nc6 15. Nxc6 Qb6+ 16. Ncd4 Bc5 17. Be3 g6 18. b4 Bxd4 19. Bxd4 Qc7 20. Bc5 1-0

[Event "26. Herner Stadtmeisterschaft 2025"]
[Site "?"]
[Date "2025.01.27"]
[Round "1.23"]
[White "Nouman, Abdulrrahman"]
[Black "Slaby, Dietmar"]
[Result "1/2-1/2"]
[WhiteElo "1421"]
[BlackElo "1794"]
[PlyCount "127"]
[GameId "2139157687210689"]
[EventDate "2025.??.??"]
[WhiteTeam "SG Wanne"]
[BlackTeam "SV Königsspringer Halt"]

1. e4 d6 2. Nf3 Nf6 3. Nc3 g6 4. h3 Bg7 5. Bc4 O-O 6. d4 c6 7. Be3 b5 8. Bd3 Nbd7 9. Qd2 Nb6 10. Bh6 Nc4 11. Bxc4 bxc4 12. Bxg7 Kxg7 13. O-O Rb8 14. b3 Ba6 15. Rfe1 Qc7 16. e5 Nd5 17. Nxd5 cxd5 18. Qf4 Rbd8 19. exd6 exd6 20. b4 Bc8 21. c3 h6 22. Re3 Be6 23. a4 Rh8 24. a5 Rdg8 25. h4 Qe7 26. Rc1 Rh7 27. Kf1 Kh8 28. Ke2 g5 29. hxg5 hxg5 30. Qg3 g4 31. Nd2 Qd7 32. Qf4 Bf5 33. Ra1 Bd3+ 34. Kd1 Rh1+ 35. Re1 Rxe1+ 36. Kxe1 Qe6+ 37. Kd1 Rg6 38. Kc1 Rf6 39. Qg5 Rxf2 40. Kb2 Rxg2 41. Rh1+ Bh7 42. Kc1 g3 43. Qd8+ Kg7 44. Qg5+ Qg6 45. Qxg6+ Bxg6 46. b5 Rh2 47. Rg1 g2 48. Kb2 Be4 49. Nxe4 dxe4 50. Kc1 Kf6 51. b6 axb6 52. axb6 d5 53. Kd2 Ke7 54. b7 Rh8 55. Rxg2 Rb8 56. Rg5 Ke6 57. Rh5 Rxb7 58. Re5+ Kd6 59. Rf5 Rb2+ 60. Kc1 Rb7 61. Kd2 Re7 62. Rf6+ Kd7 63. Ke3 Ke8 64. Rd6 1/2-1/2

[Event "26. Herner Stadtmeisterschaft 2025"]
[Site "?"]
[Date "2025.01.27"]
[Round "1.24"]
[White "Dimitriadis, Elias"]
[Black "Bock, Oswin"]
[Result "1-0"]
[WhiteElo "1736"]
[BlackElo "1369"]
[PlyCount "41"]
[GameId "2139129280270623"]
[EventDate "2025.??.??"]
[WhiteTeam "SV Waltrop 1922 e. V."]
[BlackTeam "SV Günnigfeld 1922 e."]

1. e4 g6 2. d4 Bg7 3. Nf3 h6 4. c4 c6 5. Nc3 e6 6. Bf4 d6 7. h3 Ne7 8. Qb3 Na6 9. Rd1 Nc7 10. Be2 a6 11. a4 g5 12. Bg3 Ng6 13. Qa3 Nf4 14. Bxf4 gxf4 15. O-O Bf8 16. d5 Bd7 17. c5 dxc5 18. d6 b5 19. dxc7 Qxc7 20. axb5 cxb5 21. Bxb5 1-0

[Event "26. Herner Stadtmeisterschaft 2025"]
[Site "?"]
[Date "2025.01.27"]
[Round "1.25"]
[White "Deno, Thomas"]
[Black "Bautz, Volker"]
[Result "0-1"]
[WhiteElo "1722"]
[BlackElo "1833"]
[PlyCount "64"]
[GameId "2139134704009589"]
[EventDate "2025.??.??"]
[WhiteTeam "SC Buer-Hassel 1919 e. V."]
[BlackTeam "Bochumer SV 02"]

1. d4 Nf6 2. Nf3 e6 3. a3 c5 4. Nc3 cxd4 5. Nxd4 Nc6 6. Nxc6 bxc6 7. Bf4 d5 8. Qd2 Ba6 9. O-O-O Bd6 10. Bg5 Rb8 11. Bxf6 gxf6 12. Na4 Bb5 13. Qd4 Be5 14. Qb4 Bxa4 15. Qxa4 Bxb2+ 16. Kd2 Qb6 17. e3 Qc5 18. c4 O-O 19. Bd3 f5 20. Rb1 Qxa3 21. Qxa3 Bxa3 22. Ra1 Bb4+ 23. Ke2 dxc4 24. Bxc4 a5 25. Rhd1 Bc3 26. Rab1 Rb4 27. Rxb4 axb4 28. Rd6 Rc8 29. Kd3 Kf8 30. Ba6 Rc7 31. Rd8+ Ke7 32. Rh8 Bxh8 0-1

[Event "26. Herner Stadtmeisterschaft 2025"]
[Site "?"]
[Date "2025.01.27"]
[Round "1.26"]
[White "Kleinert, Andreas"]
[Black "Kümmel, Hans-Jürgen"]
[Result "1-0"]
[WhiteElo "1844"]
[BlackElo "1747"]
[PlyCount "43"]
[GameId "2139133343859037"]
[EventDate "2025.??.??"]
[WhiteTeam "SC Buer-Hassel 1919 e. V."]
[BlackTeam "SV Günnigfeld 1922 e."]

1. c4 c5 2. g3 Nf6 3. Bg2 g6 4. Nc3 Bg7 5. e3 Nc6 6. Nge2 d6 7. O-O O-O 8. a3 a6 9. Rb1 Qc7 10. b4 Rb8 11. Qc2 Be6 12. d3 Ne5 13. Bd2 b5 14. f4 Ned7 15. cxb5 axb5 16. Rfc1 cxb4 17. Rxb4 Rfc8 18. Qb1 Qd8 19. Nd4 Nc5 20. Ncxb5 Bd7 21. Na7 Na6 22. Rxc8 1-0

[Event "26. Herner Stadtmeisterschaft 2025"]
[Site "?"]
[Date "2025.01.27"]
[Round "1.27"]
[White "Neumann, Frank"]
[Black "Boost, Jürgen"]
[Result "0-1"]
[WhiteElo "1321"]
[BlackElo "1969"]
[PlyCount "51"]
[GameId "2139126870110446"]
[EventDate "2025.??.??"]
[WhiteTeam "SV Waltrop 1922 e. V."]
[BlackTeam "SC Gerthe 46 - Werne"]

1. e4 e5 2. Nf3 Nc6 3. Bb5 a6 4. Bxc6 dxc6 5. O-O Bg4 6. d3 Qf6 7. Bg5 Bxf3 8. Bxf6 Bxd1 9. Rxd1 Nxf6 10. Nd2 Bd6 11. Nc4 O-O-O 12. Ne3 g6 13. a4 h5 14. c3 Ng4 15. Nc4 f5 16. h3 Nh6 17. b4 Nf7 18. Rab1 fxe4 19. dxe4 Be7 20. Rdc1 Rd3 21. b5 cxb5 22. axb5 axb5 23. Rxb5 Rhd8 24. Nxe5 Rd1+ 25. Rxd1 Rxd1+ 26. Kh2 0-1